|
|
|
|
| LEADER |
00000naa2a2200000 4500 |
| 001 |
425965 |
| 005 |
20231101074459.0 |
| 035 |
|
|
|a (RuTPU)RU\TPU\prd\84636
|
| 035 |
|
|
|a RU\TPU\prd\19786
|
| 090 |
|
|
|a 425965
|
| 100 |
|
|
|a 20100625a2003 k y0rusy50 ca
|
| 101 |
0 |
|
|a rus
|
| 102 |
|
|
|a RU
|
| 200 |
1 |
|
|a Диагностика ядерного реактора АЭС с использованием [гамма-излучения 16N]
|f С. Г. Цыпин, В. В. Лысенко, А. И. Мусорин и др.
|
| 225 |
1 |
|
|a Статьи
|
| 320 |
|
|
|a Библиогр.: 5 назв.
|
| 461 |
|
1 |
|0 (RuTPU)RU\TPU\prd\33
|x 0004-7163
|t Атомная энергия
|o теоретический и научно-технический журнал
|f Российская академия наук ; Министерство РФ по атомной энергии, ядерного общества
|d 1956-
|
| 463 |
|
1 |
|0 (RuTPU)RU\TPU\prd\84631
|t Т. 95, вып. 3
|v с. 193-197
|d 2003
|
| 610 |
1 |
|
|a атомные электрические станции
|
| 610 |
1 |
|
|a измерения
|
| 610 |
1 |
|
|a ядерные реакторы
|
| 610 |
1 |
|
|a диагностика
|
| 610 |
1 |
|
|a тепловая мощность
|
| 610 |
1 |
|
|a теплоносители
|
| 675 |
|
|
|a 621.039.524.532.57
|v 3
|
| 701 |
|
1 |
|a Цыпин
|b С. Г.
|
| 701 |
|
1 |
|a Лысенко
|b В. В.
|
| 701 |
|
1 |
|a Мусорин
|b А. И.
|
| 701 |
|
1 |
|a Богачек
|b Л. Н.
|
| 701 |
|
1 |
|a Бай
|b В. Ф.
|
| 701 |
|
1 |
|a Кузьмин
|b В. В.
|
| 701 |
|
1 |
|a Кошелев
|b А. Б.
|
| 801 |
|
1 |
|a RU
|b 63413507
|c 20031119
|g PSBO
|
| 801 |
|
2 |
|a RU
|b 63413507
|c 20100625
|g RCR
|
| 942 |
|
|
|c BK
|